Prefactibilidad para una planta de biodiesel que utiliza óxido de magnesio como catalizador en la transesterificación de oleína de palma
Guardado en:
| 主要作者: | |
|---|---|
| 格式: | 圖書 |
| 出版: |
San José, Costa Rica
2010
|
| 主題: | |
| 標簽: |
添加標簽
沒有標簽, 成為第一個標記此記錄!
|
MARC
| LEADER | 00000nam a2200000Ia 4500 | ||
|---|---|---|---|
| 003 | 010012 | ||
| 005 | 20221231144036.0 | ||
| 008 | 140114s2010 cr a 000 ||s d | ||
| 040 | |c cru CEDI | ||
| 090 | |a TFG 6186 | ||
| 100 | |a Monge Solano, Fabian |9 3020 | ||
| 245 | |a Prefactibilidad para una planta de biodiesel que utiliza óxido de magnesio como catalizador en la transesterificación de oleína de palma | ||
| 260 | |c 2010 |b San José, Costa Rica | ||
| 500 | |a Proyecto de Graduación (licenciatura en ingeniería química)--Universidad de Costa Rica. Facultad de Química. Escuela de Ingeniería Química, | ||
| 650 | |x COMBUSTIBLES BIODIESEL |x INVESTIGACIONES |x OXIDO DE MAGNESIO |x PALMA AFRICANA |x CULTIVO |9 3021 | ||
| 942 | |c TFG | ||
| 999 | |c 16029 |d 16029 | ||
